• 首页
  • 本馆介绍
  • 公告通知
  • 最新文献
  • 馆藏检索
  • 电子资源
  • 读者导购
  • 参考咨询
  • 我的图书馆
  • 登录
  • 详细信息显示
  • 放入我的书架
  • 预约/预借图书
  • 作者相关作品
  • 分类相关作品
  • 丛书相关作品
  • 出版社相关作品

书目信息

  • 表格格式
  • 工作单格式
  • 卡片格式
题名:
赌博的历史
    
 
作者: 朱蕾 编著
分册:  
出版信息: 哈尔滨   哈尔滨出版社  2017.05
页数: 191页
开本: 23cm
丛书名: 人文历史系列
单 册:
中图分类: D588
科图分类:
主题词: 赌博--历史--世界
电子资源:
ISBN: 978-7-5484-2927-2
000 01097oam2 2200289 450
001 0120172114470
005 20170911172255.20
010    @a978-7-5484-2927-2@dCNY48.00
100    @a20170610d2017 em y0chiy50 ea
101 0  @achi
102    @aCN@b230000
105    @aa z 000yy
106    @ar
200 1  @a赌博的历史@9du bo de li shi@dThe history of gambling@f朱蕾编著@zeng
205    @a2版
210    @a哈尔滨@c哈尔滨出版社@d2017.05
215    @a191页@c图@d23cm
225 2  @a人文历史系列
330    @a本书向读者介绍了人类与赌博的故事,详细地为我们讲解了赌博的文化……赌博在古时候有的叫“赌”有的叫“博”,所谓“赌博”是雅俗共赏的一种游戏,游戏有胜负,负者送财物给胜方,以财物作胜负得失加重游戏刺激性,所以赌博是有财物押注的一种游戏。而后来赌的形式发展为多种多样,如赌马、赌球、六合彩、福利彩票、扑克牌、麻将、押宝等等。
333    @a一般读者
461  0 @12001 @a人文历史系列
510 1  @aHistory of gambling@zeng
606 0  @a赌博@x历史@y世界
690    @aD588@v5
701  0 @a朱蕾@9zhu lei@4编著
801  0 @aCN@b人天书店@c20170610
905    @b1060562-67@dD588@e243=2@f6
    
    赌博的历史=The history of gambling/朱蕾编著.-2版.-哈尔滨:哈尔滨出版社,2017.05
    191页:图;23cm.-(人文历史系列)
    使用对象:一般读者
    
    ISBN 978-7-5484-2927-2:CNY48.00
    本书向读者介绍了人类与赌博的故事,详细地为我们讲解了赌博的文化……赌博在古时候有的叫“赌”有的叫“博”,所谓“赌博”是雅俗共赏的一种游戏,游戏有胜负,负者送财物给胜方,以财物作胜负得失加重游戏刺激性,所以赌博是有财物押注的一种游戏。而后来赌的形式发展为多种多样,如赌马、赌球、六合彩、福利彩票、扑克牌、麻将、押宝等等。
●
相关链接 在E读中查询图书 在五车中查询图书 在当当中查询图书 在豆瓣中查询图书


正题名:赌博的历史     索取号:D588/243=2         预约/预借

序号 登录号 条形码 馆藏地/架位号 状态 备注
1 1060562   210605629   第一样本阅览室/ [索取号:D588/243=2] 在馆    
2 1060563   210605638   史法系资料室/ [索取号:D588/243=2] 在馆    
3 1060564   210605647   第一借阅区/ [索取号:D588/243=2] 在馆    
4 1060565   210605656   第一借阅区/ [索取号:D588/243=2] 在馆    
5 1060566   210605665   第一借阅区/ [索取号:D588/243=2] 在馆    
6 1060567   210605674   第一借阅区/ [索取号:D588/243=2] 在馆    
唐山师范学院图书馆 欢迎您!
大连网信软件有限公司© 版权所有